LEADER 01206nam a2200253 4500 001 000000338894 003 CaOOAMICUS 005 20200116154828.0 008 200116s2017 it 000 u ita r 020 $a978-88-16-41355-9$c1. Rist. 040 $aSeMil$bita 245 10$aVol. 4: La nuova Russia, 1990-2015 /$cGiovanni Codevilla ; con un saggio di Stefano Caprio. 264 1$aMilano :$bJaca Book,$c2017. 300 $aXXII, 330 p. ;$c24 cm 700 1 $aCodevilla, Giovanni,$d<1941- >.$0(OLS)http://semarc/name/15662 700 1 $aCaprio, Stefano,$d<1960- >.$0(OLS)http://semarc/name/79271 773 0 $aCodevilla, Giovanni <1941- >$tStoria della Russia e dei paesi limitrofi.$dMilano : Jaca Book, 2016-2017.$kStoria [Jaca Book]$g4$w()338888 830 0$aStoria [Jaca Book].$0(OLS)http://semarc/title/427684 850 $aSeMil 852 $aSeMil$W1$xVenegono$y1$m3W III 36$j219078$B230864$CSeMilBibl$Z2$F230864 $81 996 $6020$a978-88-16-41355-9$c1. Rist.$9(OLS)http://semarc/number/289634 996 $6245$aVol. 4: La nuova Russia, 1990-2015$9(OLS)http://semarc/title/427691 996 $6264$aMilano :$bJaca Book$9(OLS)http://semarc/publisher/29781 LEADER 00976nam a2200253 i 4500 001 000000033970 003 CaOOAMICUS 005 20240409141729.0 008 070518s1975 it u000 u ita u 013 $a125 040 $aSeMil$bita 100 1 $aSwift, Jonathan,$d<1667-1745>.$0(OLS)http://semarc/name/15463 240 10$aGulliver's travels.$0(OLS)http://semarc/title/448225 245 12$aI viaggi di Gulliver /$cJonathan Swift. 260 $aMilano :$bGarzanti,$ccopyr. 1975. 300 $aXX, 287 p. ;$c18 cm. 490 0 $aI grandi libri Garzanti ;$v104 830 2$aI grandi libri Garzanti ;$v104.$0(OLS)http://semarc/title/9892 850 $aSeMil 852 $aSeMil$W1$xVenegono$y1$m1W II 449$j247500$B125$CSeMilBibl$Z2$F125 $81 961 $aOmaggio: Biblioteca Seminario Duomo 996 $6245$aI viaggi di Gulliver$9(OLS)http://semarc/title/45672 996 $6260$aMilano :$bGarzanti$9(OLS)http://semarc/publisher/29852